| 000 | 01019cam a2200133 4500500 | ||
|---|---|---|---|
| 005 | 20260322000500.0 | ||
| 041 | _afre | ||
| 042 | _adc | ||
| 100 | 1 | 0 |
_aLéon, Pierre _eauthor |
| 245 | 0 | 0 | _aPhonétisme et prononciations du français |
| 260 |
_bArmand Colin,
_c2024. |
||
| 520 | _aCet ouvrage présente les notions de base pour expliquer le fonctionnement phonétique du français, dans son rapport avec la variation. La langue n’est pas monolithique. Nous ne parlons pas de la même manière au bureau, en public ou chez soi. Cette sixième édition permet de prendre en compte les avancées de la recherche, en particulier en ce qui concerne la prosodie, depuis l’infrastructure rythmique jusqu’à l’intonation, ainsi que des apports technologiques récents, notamment les illustrations oscillographiques et spectrographiques des analyses acoustiques. | ||
| 856 | 4 | 1 | _uhttps://shs.cairn.info/phonetisme-et-prononciations-du-francais-6e-ed--9782200635435?lang=fr&redirect-ssocas=7080 |
| 999 |
_c1706632 _d1706632 |
||